महिलांसाठी आधार कायद्याचा (Record no. 1222235)

MARC details
000 -LEADER
fixed length control field 00511nam a2200169Ia 4500
008 - FIXED-LENGTH DATA ELEMENTS--GENERAL INFORMATION
fixed length control field 260520s2022 xx 000 0 und d
020 ## - INTERNATIONAL STANDARD BOOK NUMBER
International Standard Book Number 9788184831313
041 ## - LANGUAGE CODE
Language code of text/sound track or separate title mar
082 ## - DEWEY DECIMAL CLASSIFICATION NUMBER
Classification number 346.0134/ROD
100 ## - MAIN ENTRY--PERSONAL NAME
Personal name रोडे, पुष्पा
245 ## - TITLE STATEMENT
Title महिलांसाठी आधार कायद्याचा
250 ## - EDITION STATEMENT
Edition statement 1st ed
260 ## - PUBLICATION, DISTRIBUTION, ETC.
Place of publication, distribution, etc. पुणे
Name of publisher, distributor, etc. डायमंड पब्लिकेशन्स
Date of publication, distribution, etc. 2022
300 ## - PHYSICAL DESCRIPTION
Extent 83p.
500 ## - GENERAL NOTE
General note Cat No: 15223
650 ## - SUBJECT ADDED ENTRY--TOPICAL TERM
Topical term or geographic name entry element LAW
Holdings
Withdrawn status Lost status Damaged status Not for loan Collection Home library Current library Shelving location Date acquired Source of acquisition Cost, normal purchase price Total Checkouts Full call number Barcode Date last seen Price effective from Koha item type Public note
          Dr.Patangrao Kadam Mahavidyalaya, Sangli Dr.Patangrao Kadam Mahavidyalaya, Sangli   21/04/2026 Bharati Madhyavarti Sahakari Grahak Bhandar, Pune (Best Book Supplier, Kolhapur) 150.00   346.0134/ROD PKS-V-1934 27/05/2026 27/05/2026 Book General book section